LIBRARY & INFORMATION CENTRE, KCAET, TAVANUR

ONLINE PUBLIC ACCESS CATALOGUE (OPAC)

Normal view MARC view
  • Pruthi, J S

Entry Personal Name

Number of records used in: 1

001 - CONTROL NUMBER

  • control field: 7305

003 - CONTROL NUMBER IDENTIFIER

  • control field: OSt

005 - DATE AND TIME OF LATEST TRANSACTION

  • control field: 20250319143033.0

008 - FIXED-LENGTH DATA ELEMENTS

  • fixed length control field: 250319|| aca||aabn | a|a d

040 ## - CATALOGING SOURCE

  • Original cataloging agency: OSt
  • Transcribing agency: OSt

100 ## - HEADING--PERSONAL NAME

  • Personal name: Pruthi, J S

670 ## - SOURCE DATA FOUND

  • Source citation: Work cat.: (OSt)4843: Pruthi, J S ., Quick freezing preservation of foods / , 1999.
free website counter